Zona y varicela (sus relaciones, algunos de sus problemas) (Record no. 38160)
[ view plain ]
| 000 -LEADER | |
|---|---|
| fixed length control field | 00692cam a22002291 4500 |
| 001 - CONTROL NUMBER | |
| control field | med47000734 |
| 003 - CONTROL NUMBER IDENTIFIER | |
| control field | DLC |
| 005 - DATE AND TIME OF LATEST TRANSACTION | |
| control field | 20260227111600.0 |
| 008 - FIXED-LENGTH DATA ELEMENTS--GENERAL INFORMATION | |
| fixed length control field | 810815s1944 xx af 000 0 spa |
| 010 ## - LIBRARY OF CONGRESS CONTROL NUMBER | |
| LC control number | med47000734 |
| 035 ## - SYSTEM CONTROL NUMBER | |
| System control number | (OCoLC)14747431 |
| 040 ## - CATALOGING SOURCE | |
| Original cataloging agency | DLC |
| Transcribing agency | DNLM |
| Modifying agency | DLC |
| 042 ## - AUTHENTICATION CODE | |
| Authentication code | premarc |
| 050 00 - LIBRARY OF CONGRESS CALL NUMBER | |
| Classification number | RL281 |
| Item number | .H4 |
| 060 0# - NATIONAL LIBRARY OF MEDICINE CALL NUMBER | |
| Classification number | WC 570 |
| Item number | H565z 1944 |
| 100 2# - MAIN ENTRY--PERSONAL NAME | |
| Personal name | Herrera Ramos, Fernando. |
| 245 10 - TITLE STATEMENT | |
| Title | Zona y varicela (sus relaciones, algunos de sus problemas) |
| Statement of responsibility, etc. | Monografía por Fernando Herrera Ramos ... |
| 260 ## - PUBLICATION, DISTRIBUTION, ETC. | |
| Place of publication, distribution, etc. | Montevideo, |
| Name of publisher, distributor, etc. | Imprenta "Rosgal," |
| Date of publication, distribution, etc. | 1944. |
| 300 ## - PHYSICAL DESCRIPTION | |
| Extent | 73, [1] p. |
| Other physical details | ill., plates. |
| 500 ## - GENERAL NOTE | |
| General note | Summary in English. |
| 504 ## - BIBLIOGRAPHY, ETC. NOTE | |
| Bibliography, etc. note | "Bibliografía": p. 63-67. |
No items available.